000 00679nam a2200193 4500
001 113099
003 ES-MaACL
005 20250813063317.0
007 t|
008 061121s1924 it r ||||1| ita d
100 1 _aMussolini, Benito,
_d1883-1945
_984705
245 1 0 _aScritti e discorsi /
_cdi Benito Mussolini.
250 _aEd. definitiva.
260 _aMilano :
_bUlrico Hoepli,
_c1924.
300 _a2 v. ;
_c22 cm.
505 8 _aContiene: V. I. Dall'intervento al Fascismo (15 novembre 1914-22 marzo 1919). 1 lám. retr. aut. 282 p. V. II. Falta. V. III. Scritti e discorsi dal 1929 al 1921, 246 p.
852 _aES-MaACL
_jP-678
999 _c113099
_d113099